000 01551nam a2200445 i 4500
001 28522
003 KOSZ 005
005 20200526092140.0
008 971113s1988 pl f |000 0 pol
015 _aUWD 1988/8382
020 _a8304017873
035 _a991003234269705066
035 _a(PL-WaBN)b10869438-48omnis_nlop
035 _ab10869438
035 _a(OCoLC)749361624
035 _a(PL)b0000001086943
035 _a(EXLNZ-48OMNIS_NETWORK)9910274881405606
040 _aWA N
_cWA N
_dKOSZ 005/EG
080 _a82.01
245 1 0 _aSłownik terminów literackich /
_cpod red. Janusza Sławińskiego ; Michał Głowiński [et al.].
250 _aWyd. 2 poszerz. i popr.
260 _aWrocław [etc.] :
_bZakład Narodowy im. Ossolińskich,
_c1988.
300 _a656 s. ;
_c25 cm.
336 _aTekst
_btxt
_2rdacontent
337 _aBez urządzenia pośredniczącego
_bn
_2rdamedia
338 _aWolumin
_bnc
_2rdacarrier
380 _aKsiążki
388 _a1901-2000
490 1 _aVademecum Polonisty
650 7 _aTeoria literatury
_2DBN
655 7 _aEncyklopedia
_2DBN
658 _aLiteraturoznawstwo
700 1 _aGłowiński, Michał
_d(1934- )
_eAutor
700 1 _aSławiński, Janusz
_d(1934-2014)
_eRedakcja
710 2 _aZakład Narodowy im. Ossolińskich
_bWydawnictwo
830 0 _aVademecum Polonisty
856 _uhttp://koha.tu.koszalin.pl/cgi-bin/koha/opac-detail.pl?biblionumber=28522
_yKatalog online BPK
942 _2UKD
_cKS
999 _c28522
_d28522